000
00295nam a2200109Ia 4500
008
230320s9999||||xx |||||||||||||| ||spa||
082
_a
R/372.2103/S21
100
_a
Diagonal / Santillana
245
0
_a
Enciclopedia De La Educación Preescolar / Diagonal
260
_b
Santillana
942
_8
1
_c
LIB
999
_c
23274
_d
23274